000 00929nam a2200253 a 4500
003 CBULib
005 20231101140150.0
008 101022s2010 ||||||||||||||||| || u
020 _a9789211127935
040 _aCBULib
_bEnglish
_cCBULib
_erda
041 _aeng
050 _aUNCTAD(02)2010/4
110 _aUnited Nations Conference on Trade and Development (UNCTAD)
245 1 0 _aInvestor-state disputes: prevention and alternatives to arbitration.
_c/ by United Nations Conference on Trade and Development (UNCTAD)
260 _aNew York :
_c2010.
_bUnited Nations,
300 _axxviii, 129 pages : illustrations
336 _2rdacontent
_aText |
_btxt
337 _2rdamedia
_aUnmediated |
_bn
338 _2rdacarrier
_aVolume
_bnc
650 _aDISPUTE RESOLUTION(LAW)
650 _aARBITRATION, INTERNATIONAL
942 _2mc
_c029
999 _c48340
_d48340